000 00408nam a2200193Ia 4500
001 14370
003 GE_BSU
008 181216s||||||||xx |||||||||||||| ||und||
040 _cGE_BSU
080 _a821.111-3
100 _aReeman,Douglas
245 _aTorpedo Run
260 _aLondon
260 _bBook club Associates
260 _c1981
300 _a270p.20cm.
653 _aTorpedo Run
942 _cBK
999 _c47506
_d47506